000 00669nam a2200253Ia 4500
003 OSt
005 20221006145010.0
006 a|||||r|||| 00| 0
007 ta
008 221006b |||||||| |||| 00| 0 eng d
020 _c115.00
024 _a13,456
037 _cTextual
040 _aEASL
_cEASL
_beng
041 _2eng
_aeng
082 _aV44:1941, M3
100 _aBAJPAI U S Ed.
_998552
245 0 _aIndias security
_b Politico strategic environment
260 _aNew Delhi
_bLancers Pub.
_c1983
300 _a146p.
_ccm.
490 _v Oth
942 _hV44:1941, M3
_cTEXL
_2CC
999 _c1081542
_d1081542